Belling the Cat (Record no. 2719)

MARC details
000 -LEADER
fixed length control field 00324nam a2200145Ia 4500
003 - CONTROL NUMBER IDENTIFIER
control field OSt
008 - FIXED-LENGTH DATA ELEMENTS--GENERAL INFORMATION
fixed length control field 191201s2002 xx 000 0 und d
082 ## - DEWEY DECIMAL CLASSIFICATION NUMBER
Classification number 658.076
Item number SIB
100 ## - MAIN ENTRY--PERSONAL NAME
Personal name SINGH, Joginder
245 #0 - TITLE STATEMENT
Title Belling the Cat
260 ## - PUBLICATION, DISTRIBUTION, ETC. (IMPRINT)
Place of publication, distribution, etc New Delhi
Name of publisher, distributor, etc Excel Books
Date of publication, distribution, etc 2002
300 ## - PHYSICAL DESCRIPTION
Extent 146
650 ## - SUBJECT ADDED ENTRY--TOPICAL TERM
Topical term or geographic name as entry element MBA
942 ## - ADDED ENTRY ELEMENTS (KOHA)
Source of classification or shelving scheme Dewey Decimal Classification
Koha item type Text Books
Holdings
Withdrawn status Lost status Source of classification or shelving scheme Damaged status Not for loan Collection code Home library Current library Date acquired Source of acquisition Cost, normal purchase price Bill Number Total Checkouts Full call number Acc. no. / Barcode Date last seen Bill Date Koha item type Public note Checked out Date last borrowed
    Dewey Decimal Classification     GENERAL PIET C-LIBRARY PIET C-LIBRARY 11/08/2007 J B C, New Delhi 150.00 695   658.076 SIB 5871 04/12/2019 27/07/2007 Text Books      
    Dewey Decimal Classification     GENERAL PIET C-LIBRARY PIET C-LIBRARY 11/08/2007 J B C, New Delhi 150.00 695   658.076 SIB 5872 04/12/2019 27/07/2007 Text Books Stories and Novels    
    Dewey Decimal Classification     GENERAL PIET C-LIBRARY PIET C-LIBRARY 11/08/2007 J B C, New Delhi 150.00 695 1 658.076 SIB 5873 05/12/2020 27/07/2007 Text Books   03/06/2021 05/12/2020

Design & Developed by: PIET Central Library
R70 Miles Stone Pattikalyana Samalkha Panipat 132102
mail ID :- [email protected], Phone No:- 0180-2569700 Ex.216